000 00397nam a22001697a 4500
003 MPLRDC
005 20220104144233.0
008 210129b ||||| |||| 00| 0 eng d
082 _a857.62 CSX
100 _a船山馨
245 _a夜路岌岌
_c
250 _a一版一刷
260 _a
_b江苏人民出版社
_c1986
300 _b
650 _a推理小说
942 _cBK
_o857.62 CSX
999 _c47711
_d47701